书目信息 |
| 题名: |
中国建筑用标准气象数据库
|
|
| 作者: | 张晴原 , Huang, 编著 | |
| 分册: | ||
| 出版信息: | 北京 机械工业出版社 2004.07 |
|
| 页数: | 272页 | |
| 开本: | 21cm | |
| 丛书名: | ||
| 单 册: | ||
| 中图分类: | TU119 | |
| 科图分类: | ||
| 主题词: | 建筑--气象数据--研究--中国 | |
| 电子资源: | ||
| ISBN: | 7-111-14810-X | |
| 000 | 01041nam0 2200229 450 | |
| 001 | 0153697188 | |
| 005 | 20050923101929.72 | |
| 010 | @a7-111-14810-X@dCNY29.00 (含光盘) | |
| 100 | @a20050126d2004 km y0chiy0120 ea | |
| 101 | 0 | @achi |
| 102 | @aCN@b110000 | |
| 105 | @aa z 000yy | |
| 200 | 1 | @a中国建筑用标准气象数据库@Azhong guo jian zhu yong biao zhun qi xiang shu ju ku@f张晴原, Joe Huang编著@Fzhang qing yuan,Joe Huang bian zhu |
| 210 | @a北京@c机械工业出版社@d2004.07 | |
| 215 | @a272页@c图@d21cm@e光盘1片 | |
| 330 | @a本书共分六章。书中详细地介绍了建筑用标准气象数据库的研究背景、意义和原始数据的构成以及确定标准年气象数据的主要方法,并给出应用标准年气象数据进行冷热如何计算的实例;同时论述了标准日气象数据和不保证率气象数据,并给出了主要城市的1月、4月、7月和10月的标准日气象数据以及不保证率为2.5%和5%的温度和含湿量等。 | |
| 606 | 0 | @a建筑@x气象数据@x研究@y中国 |
| 690 | @aTU119@v4 | |
| 701 | 0 | @a张晴原@Azhang qing yuan@4编著 |
| 701 | 1 | @aHuang,@AHuang,@bJoe@4编著 |
| 801 | 0 | @aCN@bQSSK@c20050923 |
| 905 | @a10447@dTU119@eZ158 | |
| 中国建筑用标准气象数据库/张晴原, Joe Huang编著.-北京:机械工业出版社,2004.07 |
| 272页:图;21cm+光盘1片 |
| ISBN 7-111-14810-X:CNY29.00 (含光盘) |
| 本书共分六章。书中详细地介绍了建筑用标准气象数据库的研究背景、意义和原始数据的构成以及确定标准年气象数据的主要方法,并给出应用标准年气象数据进行冷热如何计算的实例;同时论述了标准日气象数据和不保证率气象数据,并给出了主要城市的1月、4月、7月和10月的标准日气象数据以及不保证率为2.5%和5%的温度和含湿量等。 |
| ● |
| 相关链接 |
|
|
|
正题名:中国建筑用标准气象数据库
索取号:TU119/Z158
 
预约/预借
| 序号 | 登录号 | 条形码 | 馆藏地/架位号 | 状态 | 备注 |
| 1 | 526827 | 205268271 | 建筑库101/101建筑库 26排3列3层/ [索取号:TU119/Z158] | 在馆 | |
| 2 | 526828 | 205268280 | 建筑库101/101建筑库 26排3列3层/ [索取号:TU119/Z158] | 在馆 | |
| 3 | 526829 | 205268299 | 建筑库101/101建筑库 26排3列3层/ [索取号:TU119/Z158] | 在馆 |